[Event "Elit(Farsta-Vasteras)"]
[Site "?"]
[Date "2015.01.17"]
[Round "4"]
[White "Urkedal, Frode"]
[Black "Bergstrom, Peter"]
[Result "1/2-1/2"]
[WhiteElo "2517"]
[BlackElo "2299"]
[PlyCount "133"]

1. d4 d5 2. c4 c6 3. Nf3 Nf6 4. Nc3 dxc4 5. a4 Bf5 6. e3 e6 7. Bxc4 Bb4 8. O-O
Nbd7 9. Nh4 O-O 10. f3 Bg6 11. Nxg6 hxg6 12. e4 e5 13. Be3 Qe7 14. Ne2 Rfd8 15.
Qc1 a5 16. Rd1 Nf8 17. Bb3 N6d7 18. Bg5 Nf6 19. Kh1 Rd7 20. f4 exd4 21. e5 Qe8
22. Rxd4 Rxd4 23. Nxd4 Ne4 24. Bh4 Nc5 25. Bc4 Nce6 26. Nf3 b5 27. axb5 cxb5
28. Bd3 Nc5 29. Bc2 Nfe6 30. Qe3 Na4 31. b3 Nc3 32. f5 gxf5 33. Bxf5 a4 34.
bxa4 Rxa4 35. Rf1 Nd5 36. Qb3 Ndf4 37. Bb1 g6 38. Ng5 Bf8 39. Ne4 Be7 40. Bxe7
Qxe7 41. Qxb5 Rb4 42. Qc6 Qb7 43. Nf6+ Kg7 44. Ne8+ Kg8 45. Qxb7 Rxb7 46. g3
Ne2 47. Ba2 N2d4 48. Nd6 Re7 49. Rc1 Kg7 50. Rc8 Ra7 51. Bd5 Ra5 52. Ne8+ Kh6
53. Nf6 Kg5 54. Rc3 Kf5 55. Re3 Nc7 56. Bxf7 Rxe5 57. Rxe5+ Kxe5 58. Nd7+ Kf5
59. h4 Nce6 60. Kg2 Nd8 61. Bd5 g5 62. h5 g4 63. h6 Kg6 64. Ne5+ Kxh6 65. Nxg4+
Kg5 66. Nf2 N8e6 67. Bxe6 1/2-1/2

[Event "Elit(Farsta-Vasteras)"]
[Site "?"]
[Date "2015.01.17"]
[Round "4"]
[White "Akesson, Ralf"]
[Black "Ernst, Thomas"]
[Result "1/2-1/2"]
[WhiteElo "2457"]
[BlackElo "2367"]
[PlyCount "65"]

1. Nf3 c5 2. c4 Nc6 3. d4 cxd4 4. Nxd4 Nf6 5. Nc3 e6 6. a3 Bc5 7. Nb3 Be7 8. e4
O-O 9. Be2 b6 10. O-O Ba6 11. f4 Rc8 12. Be3 Nb8 13. e5 Ne8 14. Nb5 Bxb5 15.
cxb5 d6 16. Nd4 dxe5 17. fxe5 Nc7 18. Bf3 Nd5 19. Bxd5 Qxd5 20. Nf5 Qd8 21.
Qxd8 Bxd8 22. Nd6 Rc2 23. Bd4 f6 24. Rad1 fxe5 25. Rxf8+ Kxf8 26. Bxe5 Nd7 27.
Bxg7+ Kxg7 28. Nf5+ exf5 29. Rxd7+ Kg6 30. Rxd8 Rxb2 31. Rd6+ Kg5 32. Rd7 Rxb5
33. Rxa7 1/2-1/2

[Event "Elit(Farsta-Vasteras)"]
[Site "?"]
[Date "2015.01.17"]
[Round "4"]
[White "Lissang, Christopher"]
[Black "Norberg, Johan"]
[Result "1/2-1/2"]
[WhiteElo "2272"]
[BlackElo "2311"]
[PlyCount "50"]

1. d4 d6 2. e4 Nf6 3. Nc3 g6 4. f4 Bg7 5. Nf3 O-O 6. Bd3 Bg4 7. O-O Nc6 8. e5
dxe5 9. dxe5 Nd5 10. h3 Bf5 11. Nxd5 Qxd5 12. Bxf5 Qxd1 13. Rxd1 gxf5 14. Rd7
Rac8 15. Be3 Rfd8 16. Rad1 Rxd7 17. Rxd7 Kf8 18. Kf2 Ke8 19. Rd2 e6 20. g4 fxg4
21. hxg4 f6 22. exf6 Bxf6 23. c3 Rd8 24. Re2 Kf7 25. Nd2 e5 1/2-1/2

[Event "Elit(Farsta-Vasteras)"]
[Site "?"]
[Date "2015.01.17"]
[Round "4"]
[White "Eriksson, Anders"]
[Black "Hjelm, Niclas"]
[Result "1/2-1/2"]
[WhiteElo "2278"]
[BlackElo "2321"]
[PlyCount "63"]

1. Nf3 Nf6 2. c4 c6 3. g3 g6 4. Bg2 Bg7 5. O-O O-O 6. d4 d5 7. b3 dxc4 8. bxc4
c5 9. Bb2 Ne4 10. Nbd2 Nxd2 11. Qxd2 cxd4 12. Nxd4 Nc6 13. e3 Bg4 14. h3 Bd7
15. Rfd1 Qc8 16. Nxc6 Bxc6 17. Bxg7 Kxg7 18. Qd4+ Kg8 19. Bxc6 Qxc6 20. Qd7
Qxc4 21. Qxe7 b5 22. Rd4 Qe2 23. a4 a5 24. axb5 Qxb5 25. Qa3 Rfc8 26. Rad1 a4
27. Rb4 Qh5 28. Rf1 Qxh3 29. Rxa4 Rxa4 30. Qxa4 Qf5 31. Qd4 h5 32. Qf4 1/2-1/2

[Event "Elit(Farsta-Vasteras)"]
[Site "?"]
[Date "2015.01.17"]
[Round "4"]
[White "Livner, Anders"]
[Black "Janse, Rasmus"]
[Result "0-1"]
[WhiteElo "2343"]
[BlackElo "2218"]
[PlyCount "96"]

1. d4 e6 2. c4 Nf6 3. Nc3 d5 4. cxd5 exd5 5. Bg5 Be7 6. e3 O-O 7. Bd3 c6 8. Qc2
h6 9. Bf4 b5 10. Nf3 Na6 11. Bf5 b4 12. Ne2 c5 13. O-O c4 14. Ng3 Qb6 15. Bxc8
Rfxc8 16. Nf5 Bf8 17. h3 Ne4 18. Ng3 g5 19. Be5 f6 20. Nxe4 dxe4 21. Qxe4 fxe5
22. Qd5+ Kh8 23. Nxe5 Bg7 24. f4 Nc7 25. Qe4 Re8 26. f5 Bxe5 27. dxe5 Qc5 28.
e6 Qd5 29. Qg4 Qe5 30. Qxc4 Nd5 31. Rf3 Rac8 32. Qb5 a6 33. Qxa6 Qxb2 34. Raf1
Rc2 35. R1f2 Rxf2 36. Rxf2 Qc1+ 37. Rf1 Qxe3+ 38. Kh1 Nf6 39. Qb5 Qe4 40. Rc1
g4 41. hxg4 Qxg4 42. Qe5 Qg5 43. Rc7 Rg8 44. g3 Rd8 45. Rd7 Rc8 46. Qd4 Qc1+
47. Kg2 Rc2+ 48. Kf3 Qf1+ 0-1

[Event "Elit(Farsta-Vasteras)"]
[Site "?"]
[Date "2015.01.17"]
[Round "4"]
[White "Orndahl, Markus"]
[Black "Lundin, Jan"]
[Result "1-0"]
[WhiteElo "2188"]
[BlackElo "2271"]
[PlyCount "93"]

1. Nf3 f5 2. d4 g6 3. Nc3 Nf6 4. Qd3 d5 5. Bf4 Bg7 6. Nb5 Na6 7. c4 c6 8. Nc3
Nb4 9. Qd1 dxc4 10. e3 Be6 11. h3 Nbd5 12. Bh2 Qa5 13. Qc2 Ne4 14. Rc1 b5 15.
Nd2 Nb4 16. Qd1 Nxa2 17. Ncxe4 fxe4 18. Ra1 c3 19. bxc3 Qxc3 20. Be2 Bb3 21.
Qxb3 Qxa1+ 22. Bd1 Nc3 23. O-O Nxd1 24. Qe6 Rd8 25. Nxe4 Rf8 26. Bd6 Rf7 27.
Ng5 Rxd6 28. Qxf7+ Kd7 29. Qxg7 Qb1 30. Nf7 Rf6 31. Ne5+ Kd6 32. Qg8 Kc7 33.
Qe8 Kb6 34. Qxe7 Rf5 35. Qc5+ Ka6 36. Qa3+ Kb7 37. Qe7+ Kb6 38. Nd7+ Ka6 39.
Nb8+ Kb6 40. Nd7+ Ka6 41. Nc5+ Ka5 42. Qxa7+ Kb4 43. Na6+ Kb3 44. Qb7 Rf6 45.
Qe7 Qf5 46. Rxd1 Qxf2+ 47. Kh1 1-0

[Event "Elit(Farsta-Vasteras)"]
[Site "?"]
[Date "2015.01.17"]
[Round "4"]
[White "Lagerborg, Krister"]
[Black "Norberg, Erik"]
[Result "1/2-1/2"]
[WhiteElo "2032"]
[BlackElo "2228"]
[PlyCount "112"]

1. e4 g6 2. d4 Bg7 3. c4 d6 4. Nc3 Nf6 5. f3 c6 6. Be3 a6 7. a4 a5 8. Bd3 Na6
9. Nge2 O-O 10. Qd2 e5 11. d5 Ne8 12. g4 Nb4 13. Bb1 f5 14. gxf5 gxf5 15. Bg5
Bf6 16. exf5 Bxg5 17. Rg1 Ng7 18. Rxg5 Bxf5 19. Bxf5 Rxf5 20. Rxf5 Qh4+ 21. Ng3
Nxf5 22. O-O-O Nd4 23. Qg2 Qg5+ 24. Kb1 cxd5 25. cxd5 Kh8 26. Qh3 Nxf3 27. Nge4
Qf4 28. Qd7 Nd4 29. Qxd6 Rf8 30. Qc5 b6 31. Qxb6 Qxh2 32. Nd2 Qh3 33. Nde4 Qg2
34. Nd2 Nxd5 35. Qxa5 Nxc3+ 36. Qxc3 Qg6+ 37. Ka1 Ra8 38. b3 Qe6 39. Nc4 Rb8
40. Rb1 Qd5 41. Ka2 Rf8 42. Qe3 Nc6 43. Re1 Rf3 44. Qe4 Rf2+ 45. Kb1 Qc5 46.
Qe3 Qd4 47. a5 Rf6 48. Qxd4 exd4 49. a6 Na7 50. Re8+ Kg7 51. Re7+ Rf7 52. Rxf7+
Kxf7 53. Kc2 Ke6 54. Kd3 Kd5 55. Nd2 Kc5 56. Nf3 Kb6 1/2-1/2

[Event "Elit(Kungstornet-Team Viking)"]
[Site "?"]
[Date "2015.01.17"]
[Round "4"]
[White "Berg, Emanuel"]
[Black "Aronsson, Marten"]
[Result "1-0"]
[WhiteElo "2551"]
[BlackElo "2310"]
[PlyCount "71"]

1. e4 e5 2. Nf3 Nc6 3. Bb5 Nf6 4. d3 Bc5 5. Bxc6 dxc6 6. Nbd2 Bg4 7. h3 Bh5 8.
Nb3 Bd6 9. g4 Bg6 10. Bg5 h6 11. Bh4 h5 12. Rg1 hxg4 13. hxg4 Qe7 14. Bg5 O-O-O
15. Qe2 Qe6 16. Nh4 Bh7 17. Qf3 Bb4+ 18. c3 Be7 19. Nf5 Bxf5 20. gxf5 Qd6 21.
O-O-O Ne8 22. Be3 Bf6 23. Bc5 Qd7 24. d4 Nd6 25. Qe2 Rhe8 26. dxe5 Bxe5 27. Kb1
Bf6 28. Qc2 b6 29. f4 Qe7 30. e5 bxc5 31. Na5 Qd7 32. exd6 cxd6 33. Qa4 Qxf5+
34. Ka1 Qe4 35. Nc4 Kb8 36. Qa6 1-0

[Event "Elit(Kungstornet-Team Viking)"]
[Site "?"]
[Date "2015.01.17"]
[Round "4"]
[White "von Bahr, Oskar"]
[Black "Cramling, Pia"]
[Result "0-1"]
[WhiteElo "2364"]
[BlackElo "2518"]
[PlyCount "80"]

1. e4 c5 2. c3 Nf6 3. e5 Nd5 4. d4 cxd4 5. Nf3 e6 6. cxd4 d6 7. Bc4 Be7 8. O-O
O-O 9. Qe2 b6 10. Nbd2 Bb7 11. Ne4 dxe5 12. dxe5 Nd7 13. Rd1 Qc7 14. Ng3 Rac8
15. Rd4 Rfd8 16. Bd2 a6 17. Rg4 g6 18. Rc1 b5 19. Bd3 Qb6 20. Rxc8 Rxc8 21. h4
Bf8 22. Ne4 Qc7 23. Neg5 Bg7 24. Nxh7 Nxe5 25. Nxe5 Qxe5 26. Re4 Qh5 27. Qxh5
gxh5 28. Ng5 Bxb2 29. g4 Nf6 30. Rb4 Bc1 31. Rf4 Bxd2 32. Rxf6 Rc1+ 33. Bf1 Bd5
34. gxh5 Bc4 35. Nxf7 Bxf1 36. h6 Bd3+ 37. Kg2 Bc3 38. Rf4 Bf5 39. Ng5 Be5 40.
h7+ Bxh7 0-1

[Event "Elit(Kungstornet-Team Viking)"]
[Site "?"]
[Date "2015.01.17"]
[Round "4"]
[White "Agrest, Evgenij"]
[Black "Larsson, Anders"]
[Result "1-0"]
[WhiteElo "2590"]
[BlackElo "2304"]
[PlyCount "123"]

1. Nf3 g6 2. c4 Bg7 3. d4 Nf6 4. Nc3 c5 5. e4 cxd4 6. Nxd4 d6 7. Be2 Nc6 8. Nc2
a6 9. O-O O-O 10. Be3 Be6 11. Rc1 Rc8 12. b3 Re8 13. Kh1 b5 14. cxb5 axb5 15.
Bxb5 Ng4 16. Nd5 Nxe3 17. Ncxe3 Bd7 18. Nc4 Ne5 19. Bxd7 Nxd7 20. f3 Bf8 21.
Qd2 e6 22. Nde3 Nf6 23. Rcd1 d5 24. exd5 exd5 25. Nxd5 Nxd5 26. Qxd5 Qf6 27.
Qd2 h5 28. Rfe1 h4 29. h3 Red8 30. Qe2 Bb4 31. Rxd8+ Rxd8 32. Rd1 Rxd1+ 33.
Qxd1 Qf4 34. Qg1 Kh7 35. a3 Bc3 36. Qe3 Qf6 37. a4 Bd4 38. Qe1 Ba7 39. Ne5 Qf4
40. Ng4 Kg8 41. a5 Kf8 42. a6 Bb8 43. Qa1 f5 44. a7 Bxa7 45. Qf6+ Ke8 46. Qxg6+
Kd8 47. Qf6+ Kc8 48. Qc6+ Qc7 49. Ne5 Qxc6 50. Nxc6 Bc5 51. b4 Bd6 52. Nd4 f4
53. b5 Bc5 54. Nf5 Bf2 55. g4 hxg3 56. h4 Kc7 57. h5 Be1 58. Ne7 Kb6 59. h6
Kxb5 60. Nd5 Bf2 61. h7 Bd4 62. Nxf4 1-0

[Event "Elit(Kungstornet-Team Viking)"]
[Site "?"]
[Date "2015.01.17"]
[Round "4"]
[White "Wikner, Arvid"]
[Black "Nithander, Victor"]
[Result "0-1"]
[WhiteElo "2281"]
[BlackElo "2426"]
[PlyCount "130"]

1. e4 d6 2. d4 Nf6 3. Nc3 g6 4. Be3 c6 5. f3 Nbd7 6. Qd2 e5 7. O-O-O Bg7 8.
dxe5 dxe5 9. Bc5 Qa5 10. Bd6 Bf8 11. Bxf8 Kxf8 12. Qh6+ Ke7 13. Bc4 Qb4 14. Bb3
Nc5 15. Qg5 Nxb3+ 16. cxb3 Qa5 17. Rd5 Qc7 18. Rxe5+ Be6 19. Nge2 h6 20. Qf4
Rac8 21. b4 g5 22. Qg3 Nh5 23. Rxe6+ fxe6 24. Qf2 Qb6 25. Nd4 Rcd8 26. Rd1 Rd7
27. a3 Rhd8 28. Nce2 Ng7 29. h4 e5 30. hxg5 hxg5 31. Qg3 exd4 32. Qxg5+ Kf7 33.
Nf4 c5 34. e5 Re8 35. Rh1 cxb4 36. Rh7 Kg8 37. Nh5 Qc5+ 38. Kd2 Qxe5 39. Qxe5
Rxe5 40. Nf6+ Kf7 41. Nxd7 Rd5 42. Nb8 bxa3 43. bxa3 Rd8 44. Rh4 Rxb8 45. Rxd4
Ke7 46. Re4+ Ne6 47. f4 Kf6 48. g4 Nc5 49. Re5 b6 50. Ke3 Rh8 51. g5+ Kg6 52.
Kf3 Rh1 53. Re7 a5 54. Rc7 Rf1+ 55. Ke3 Re1+ 56. Kf3 Ne6 57. Rc6 Kf5 58. Rxb6
Nd4+ 59. Kf2 Re2+ 60. Kf1 Kxf4 61. Rd6 Re4 62. g6 Ke3 63. Kg2 Rg4+ 64. Kh3 Rg5
65. Kh4 Nf3+ 0-1

[Event "Elit(Kungstornet-Team Viking)"]
[Site "?"]
[Date "2015.01.17"]
[Round "4"]
[White "Bellon Lopez, Juan"]
[Black "Henriksson, Johan"]
[Result "0-1"]
[WhiteElo "2370"]
[BlackElo "2267"]
[PlyCount "78"]

1. d4 d5 2. c4 c6 3. Nf3 Nf6 4. Nc3 a6 5. c5 Nbd7 6. Bf4 Nh5 7. Bg5 h6 8. Bd2
Nhf6 9. Bf4 g5 10. Bg3 Bg7 11. e3 Nh5 12. Be5 g4 13. Bxg7 Nxg7 14. Nh4 e5 15.
g3 Qg5 16. Qd2 Ne6 17. O-O-O exd4 18. exd4 Nxd4 19. Qxg5 hxg5 20. Rxd4 gxh4 21.
Na4 hxg3 22. fxg3 Ne5 23. Nb6 Rb8 24. Nxc8 Rxc8 25. Rb4 Rb8 26. Bxa6 Kd7 27.
Be2 Kc7 28. Rf4 Rbf8 29. Rf5 f6 30. Kb1 Kd7 31. Bd1 Ke6 32. Bc2 Rh3 33. Rf4
Rfh8 34. Bf5+ Ke7 35. Rb4 R8h5 36. Rxb7+ Kd8 37. Be6 Rxh2 38. Rxh2 Rxh2 39. a4
Nd3 0-1

[Event "Elit(Kungstornet-Team Viking)"]
[Site "?"]
[Date "2015.01.17"]
[Round "4"]
[White "Backlund, Anders"]
[Black "Westerberg, Jonathan"]
[Result "0-1"]
[WhiteElo "2269"]
[BlackElo "2423"]
[PlyCount "122"]

1. e4 c5 2. Nf3 Nc6 3. d4 cxd4 4. Nxd4 e6 5. Nb5 Nf6 6. N1c3 Bb4 7. a3 Bxc3+ 8.
Nxc3 d5 9. exd5 exd5 10. Bd3 O-O 11. O-O d4 12. Ne2 Bg4 13. f3 Bh5 14. Bg5 Bg6
15. Qd2 Re8 16. Rad1 Rc8 17. Rf2 Bxd3 18. Qxd3 h6 19. Bxf6 Qxf6 20. c3 dxc3 21.
Nxc3 Rcd8 22. Qf1 Rxd1 23. Qxd1 Nd4 24. Rd2 Nf5 25. Re2 Qb6+ 26. Kh1 Rxe2 27.
Qxe2 Qe3 28. Qxe3 Nxe3 29. Kg1 Nc4 30. Nd1 Kf8 31. Kf2 Ke7 32. Ke2 Kd6 33. Kd3
Ne5+ 34. Kd4 b5 35. Nc3 Nc6+ 36. Kd3 a6 37. b4 f5 38. f4 g5 39. Ne2 Ne7 40. Kd4
Ng6 41. g3 Nf8 42. Kd3 Ne6 43. fxg5 hxg5 44. h4 Ke5 45. h5 Kf6 46. Nd4 Nxd4 47.
Kxd4 Kg7 48. Kd5 Kh6 49. Ke5 f4 50. gxf4 g4 51. Ke4 Kxh5 52. Ke3 Kh4 53. Kf2
g3+ 54. Kg2 Kg4 55. f5 Kxf5 56. Kxg3 Ke4 57. Kg4 Kd4 58. Kf4 Kc4 59. Ke4 Kb3
60. Kd4 Kxa3 61. Kc3 Ka4 0-1

[Event "Elit(Kungstornet-Team Viking)"]
[Site "?"]
[Date "2015.01.17"]
[Round "4"]
[White "Agrest, Inna"]
[Black "Engstrom, Kaj"]
[Result "1-0"]
[WhiteElo "2179"]
[BlackElo "2261"]
[PlyCount "117"]
[SourceDate "2015.01.22"]

1. e4 c5 2. Nf3 e6 3. d4 cxd4 4. Nxd4 a6 5. Bd3 Bc5 6. Nb3 Ba7 7. O-O Nc6 8.
Qg4 Qf6 9. Nc3 h5 10. Qf4 Nge7 11. Qxf6 gxf6 12. Kh1 b5 13. a4 b4 14. Nd1 d5
15. Ne3 d4 16. Nc4 Kd7 17. Bd2 Rb8 18. f4 h4 19. h3 Bb7 20. a5 Kc7 21. Ra4 f5
22. e5 Nd5 23. Nd6 Rh7 24. Nxb7 Kxb7 25. Be2 Rhh8 26. Bf3 Kc7 27. Rc1 Rhd8 28.
Be2 Kb7 29. Raa1 Rbc8 30. Bf3 Kb8 31. Ra4 Rc7 32. Be1 Nxf4 33. Bxh4 Rdd7 34.
Bg3 Ng6 35. Bxc6 Rxc6 36. Rxb4+ Kc7 37. Rd1 f4 38. Bh2 Rxc2 39. Nxd4 Rc5 40.
Bg1 Nxe5 41. Nxe6+ fxe6 42. Rxd7+ Nxd7 43. Bxc5 Bxc5 44. Rxf4 e5 45. Rc4 Kd6
46. b4 Bd4 47. g4 Kd5 48. Rc7 Nf8 49. b5 e4 50. b6 e3 51. b7 e2 52. Rc1 Ba7 53.
Re1 Ne6 54. Rxe2 Nc5 55. Rb2 Bb8 56. Rb6 Ke4 57. Kg2 Kf4 58. Rc6 Nd7 59. Rxa6
1-0

[Event "Elit(Kungstornet-Team Viking)"]
[Site "?"]
[Date "2015.01.17"]
[Round "4"]
[White "Holmquist, Gunnar"]
[Black "Pettersson, Anders"]
[Result "1-0"]
[WhiteElo "2129"]
[BlackElo "2280"]
[PlyCount "85"]

1. Nf3 d5 2. c4 Nf6 3. d4 dxc4 4. e3 b5 5. a4 b4 6. Bxc4 e6 7. Ne5 Bb7 8. f3
Be7 9. e4 O-O 10. Be3 c5 11. dxc5 Qc7 12. Nd3 Rd8 13. Nd2 Nfd7 14. Qe2 Nxc5 15.
O-O Nxd3 16. Bxd3 Nc6 17. Rac1 Qd6 18. Bc4 Bf6 19. Nb3 Nd4 20. Qf2 Nxb3 21.
Bxb3 Qe5 22. Rc2 Rac8 23. Rb1 Rxc2 24. Bxc2 a5 25. f4 Qc7 26. e5 Be7 27. Rc1
Rc8 28. Bxh7+ Kxh7 29. Rxc7 Rxc7 30. f5 exf5 31. Qxf5+ Kg8 32. e6 fxe6 33.
Qxe6+ Kf8 34. Qf5+ Ke8 35. Bd4 g5 36. Qxa5 Rc2 37. Qf5 Rxg2+ 38. Kf1 Rd2 39.
Qb5+ Kf8 40. Qxb7 Rxd4 41. a5 Rd1+ 42. Ke2 Rb1 43. a6 1-0

[Event "Elit(Solna-Rockaden,Sthlm)"]
[Site "?"]
[Date "2015.01.17"]
[Round "4"]
[White "Bator, Robert"]
[Black "Karlsson, Tomas"]
[Result "1-0"]
[WhiteElo "2432"]
[BlackElo "2264"]
[PlyCount "69"]
[SourceDate "2015.01.23"]

1. d4 e6 2. c4 d5 3. Nf3 Nf6 4. g3 Be7 5. Bg2 O-O 6. O-O dxc4 7. Qc2 a6 8. a4
Bd7 9. Rd1 Bc6 10. Nc3 Nd5 11. e4 Nxc3 12. bxc3 b6 13. Ne5 Bb7 14. Nxc4 Nd7 15.
Rb1 Rb8 16. h4 Ba8 17. Bf4 b5 18. axb5 axb5 19. Na5 Rb6 20. d5 e5 21. Be3 Bc5
22. Qe2 Bxe3 23. Qxe3 Qe7 24. c4 bxc4 25. Nxc4 Rxb1 26. Rxb1 c6 27. Qa7 Qd8 28.
d6 c5 29. f3 g6 30. Bh3 f5 31. Qc7 Qe8 32. Nb6 Nxb6 33. Rxb6 fxe4 34. d7 Qe7
35. Rb8 1-0

[Event "Elit(Solna-Rockaden,Sthlm)"]
[Site "?"]
[Date "2015.01.17"]
[Round "4"]
[White "Jonsson, Mikael"]
[Black "Karlsson, Lars"]
[Result "0-1"]
[WhiteElo "2297"]
[BlackElo "2434"]
[PlyCount "156"]

1. d4 e6 2. c4 f5 3. Nf3 Nf6 4. g3 Bb4+ 5. Nbd2 b6 6. Bg2 Bb7 7. O-O O-O 8. Ne5
Bxg2 9. Kxg2 d6 10. Nd3 Bxd2 11. Bxd2 Qe8 12. f3 Nc6 13. Bc3 e5 14. dxe5 dxe5
15. Qa4 Rd8 16. Rad1 Qe6 17. Rd2 Nd4 18. Qxa7 c5 19. Qa4 f4 20. Bxd4 Rxd4 21.
Rc2 fxg3 22. hxg3 Nh5 23. Rg1 Qg6 24. Kf2 e4 25. Ne1 Nf6 26. Qb3 Qg5 27. Kg2
Nh5 28. Kh2 Qh6 29. Kg2 e3 30. Rh1 Qg5 31. Rxh5 Qxh5 32. Qxe3 Rd1 33. Qf2 Rf6
34. g4 Qe5 35. Nd3 Qd6 36. Rc1 Rxc1 37. Nxc1 Qd2 38. Nd3 Re6 39. Kf1 Qc2 40. a3
Qxc4 41. Qh2 Re8 42. Qd6 Qe6 43. Qxe6+ Rxe6 44. Ke1 Kf7 45. b3 Kf6 46. a4 Ke7
47. Kd2 Kd6 48. Nf4 Rf6 49. Nd3 Rf7 50. Nb2 Kc7 51. Nc4 Rd7+ 52. Kc2 h6 53. Nd2
g6 54. Kd1 b5 55. axb5 Kb6 56. e4 g5 57. Kc2 Kxb5 58. Nc4 Rd8 59. Ne5 Ra8 60.
Kc3 Ra2 61. Nc4 Rf2 62. Nd2 Re2 63. Kd3 Re1 64. Nc4 Ra1 65. Kc3 Rf1 66. Nd2 Re1
67. Nc4 Rc1+ 68. Kd3 Rd1+ 69. Kc3 Rh1 70. Nd2 h5 71. gxh5 Rxh5 72. Kd3 Rh3 73.
e5 g4 74. Ke3 Kc6 75. Kf2 Rh2+ 76. Ke1 g3 77. e6 Rxd2 78. Kxd2 g2 0-1

[Event "Elit(Solna-Rockaden,Sthlm)"]
[Site "?"]
[Date "2015.01.17"]
[Round "4"]
[White "Blomqvist, Erik"]
[Black "Johansson, Gunnar"]
[Result "1-0"]
[WhiteElo "2520"]
[BlackElo "2231"]
[PlyCount "109"]

1. e4 c5 2. Nf3 e6 3. d4 cxd4 4. Nxd4 Nc6 5. Nc3 Qc7 6. Be3 a6 7. Qf3 Nf6 8.
O-O-O Be7 9. Be2 O-O 10. Qg3 d6 11. f4 Bd7 12. e5 Ne8 13. Kb1 Rc8 14. Nxc6 Bxc6
15. Bd3 b5 16. Rhe1 b4 17. Ne2 Qb7 18. Bd4 Be4 19. Rd2 Bxd3 20. Rxd3 Qc6 21. c3
g6 22. Rc1 Qe4 23. Qf3 Qxf3 24. Rxf3 dxe5 25. fxe5 Nc7 26. c4 Ne8 27. b3 h5 28.
Bb6 Ng7 29. c5 Bd8 30. Rc4 a5 31. Rd3 Nf5 32. Ng3 Ne7 33. Ne4 Nc6 34. Nd6 Rb8
35. Bxd8 Rfxd8 36. Re3 Rd7 37. Kc2 Kg7 38. Kd3 Ne7 39. Rf3 Nf5 40. c6 Rc7 41.
Rc5 Kg8 42. Nxf5 exf5 43. Kc4 Kf8 44. Rd3 Ke7 45. Rd6 Rb6 46. h4 Rc8 47. Kd5
Ra6 48. Rb5 Rc7 49. Rb8 a4 50. Rxb4 axb3 51. axb3 Ra5+ 52. Kd4 Ra6 53. Kc5 Ra5+
54. Rb5 Ra1 55. Rb7 1-0

[Event "Elit(Solna-Rockaden,Sthlm)"]
[Site "?"]
[Date "2015.01.17"]
[Round "4"]
[White "Landgren, Andreas"]
[Black "Hedman, Erik"]
[Result "1/2-1/2"]
[WhiteElo "2241"]
[BlackElo "2369"]
[PlyCount "57"]

1. d4 Nf6 2. c4 c5 3. d5 e6 4. Nc3 exd5 5. cxd5 d6 6. Nf3 g6 7. h3 Bg7 8. e4
O-O 9. Bd3 b5 10. Bxb5 Nxe4 11. Nxe4 Qa5+ 12. Nfd2 Qxb5 13. Nxd6 Qa6 14. N2c4
Nd7 15. O-O Ne5 16. Nxc8 Raxc8 17. Nxe5 Bxe5 18. Qf3 Rfe8 19. Rd1 Bd4 20. d6
Qxd6 21. Be3 Qc6 22. Qxc6 Rxc6 23. Bxd4 cxd4 24. Rxd4 Rc2 25. Ra4 Rxb2 26. Rxa7
Ree2 27. Rf1 Rxa2 28. Rxa2 Rxa2 29. h4 1/2-1/2

[Event "Elit(Solna-Rockaden,Sthlm)"]
[Site "?"]
[Date "2015.01.17"]
[Round "4"]
[White "Engqvist, Thomas"]
[Black "Lindborg, Petter"]
[Result "1-0"]
[WhiteElo "2355"]
[BlackElo "2234"]
[PlyCount "119"]

1. b3 d5 2. Nf3 Bg4 3. Ne5 Bf5 4. d4 e6 5. e3 Nd7 6. Bb2 Nxe5 7. dxe5 Bb4+ 8.
Nd2 Ne7 9. Be2 Qd7 10. a3 Ba5 11. b4 Bb6 12. Nb3 h6 13. h4 Bh7 14. h5 c6 15.
Qd2 Nf5 16. a4 Bc7 17. a5 Qc8 18. b5 Ne7 19. a6 O-O 20. O-O Bb6 21. Bd4 Bxd4
22. axb7 Qxb7 23. bxc6 Nxc6 24. exd4 Rfb8 25. Nc5 Qe7 26. c3 Rb6 27. Na4 Rb3
28. Qa2 Rab8 29. Bd1 Rb1 30. Be2 R1b3 31. Bd1 Rb1 32. Be2 R1b3 33. Rfc1 Be4 34.
Bf1 Bf5 35. Qe2 R3b7 36. Qa6 Qc7 37. Qe2 Qe7 38. Qe3 Rb3 39. Nc5 R3b6 40. Na6
Rc8 41. g3 Qg5 42. Be2 Rb2 43. Qxg5 hxg5 44. Kf1 Rb6 45. Ke1 Rb2 46. Nc5 Rcb8
47. Na4 R2b3 48. g4 Bh7 49. Kd2 a5 50. Ke3 R3b7 51. Ra3 Rb1 52. Rxb1 Rxb1 53.
Nc5 Rb6 54. Nb3 Bb1 55. Nxa5 Ne7 56. Nb3 Rb7 57. Nd2 Bc2 58. Ra2 Bb1 59. Nxb1
Rxb1 60. Ra8+ 1-0

[Event "Elit(Solna-Rockaden,Sthlm)"]
[Site "?"]
[Date "2015.01.17"]
[Round "4"]
[White "Steneskog, Per"]
[Black "Olund, Joar"]
[Result "0-1"]
[WhiteElo "2213"]
[BlackElo "2290"]
[PlyCount "96"]

1. d4 Nf6 2. c4 c5 3. e3 g6 4. Nc3 Bg7 5. Nf3 O-O 6. Be2 cxd4 7. exd4 d5 8. O-O
Nc6 9. Bg5 Be6 10. cxd5 Nxd5 11. Re1 Rc8 12. Qd2 Qb6 13. Bh6 Rfd8 14. Bxg7 Kxg7
15. Rad1 Nf6 16. h3 h6 17. Na4 Qb4 18. Nc5 Bxa2 19. b3 b6 20. Ne6+ fxe6 21.
Qxa2 Nxd4 22. Nxd4 Rxd4 23. Qxa7 Rcd8 24. Rc1 R8d7 25. Qb8 Re4 26. Kf1 Rd2 27.
Qb7 Rd7 28. Qc6 Qxb3 29. Bf3 Rxe1+ 30. Rxe1 Kf7 31. Qc8 Rd2 32. Kg1 Qa2 33. Qb7
Rb2 34. Qc6 Rb1 35. Kf1 Qa6+ 36. Be2 Qa1 37. Bd1 Rxd1 38. Qxe6+ Kg7 39. Qxe7+
Kh8 40. Qd8+ Rxd8 41. Rxa1 Rb8 42. Ke2 g5 43. Kd3 b5 44. Kd4 Kg7 45. f4 gxf4
46. Ke5 b4 47. Ra7+ Kg6 48. Ra6 Rb5+ 0-1

[Event "Elit(Solna-Rockaden,Sthlm)"]
[Site "?"]
[Date "2015.01.17"]
[Round "4"]
[White "Kenneskog, Theodor"]
[Black "Lundvik, Jonas"]
[Result "1-0"]
[WhiteElo "2320"]
[BlackElo "2202"]
[PlyCount "143"]

1. d4 Nf6 2. c4 e6 3. Nc3 d5 4. cxd5 exd5 5. Bg5 Be7 6. e3 O-O 7. Bd3 c5 8.
dxc5 Bxc5 9. Bxf6 Qxf6 10. Nxd5 Qxb2 11. Rb1 Qa3 12. Rb3 Qa5+ 13. Kf1 Qd8 14.
Bxh7+ Kxh7 15. Qc2+ Kg8 16. Qxc5 Nc6 17. Ne2 Re8 18. Nef4 Na5 19. Rc3 b6 20.
Qc7 Bb7 21. Qxd8 Raxd8 22. Nc7 Re7 23. Ke2 Nc6 24. Nb5 Ba6 25. a4 Nd4+ 26. Ke1
Nxb5 27. axb5 Bxb5 28. f3 Be8 29. Kf2 b5 30. e4 a5 31. Nd5 Rb7 32. Ra1 b4 33.
Rc7 Rxc7 34. Nxc7 a4 35. Nxe8 a3 36. Nc7 Rd2+ 37. Ke3 Rb2 38. Nd5 f6 39. g4 Kf7
40. h4 Ke6 41. Nxb4 Rxb4 42. Rxa3 Rb7 43. Ra6+ Kf7 44. h5 Rc7 45. Kf4 Rc5 46.
Ra7+ Kf8 47. Rd7 Rc3 48. h6 gxh6 49. Rh7 Ra3 50. Rxh6 Kf7 51. Rh5 Kg6 52. Rf5
Rb3 53. g5 fxg5+ 54. Rxg5+ Kf6 55. Rh5 Kg6 56. Rd5 Kf6 57. Rd6+ Kf7 58. e5 Ke7
59. Ke4 Ra3 60. f4 Ra4+ 61. Kf5 Rb4 62. Rh6 Kf7 63. Rh7+ Kg8 64. Rc7 Ra4 65. e6
Kf8 66. Ke5 Ra3 67. Kf6 Ra8 68. Rh7 Kg8 69. Rd7 Kf8 70. f5 Rb8 71. e7+ Ke8 72.
Rd8+ 1-0

[Event "Elit(Solna-Rockaden,Sthlm)"]
[Site "?"]
[Date "2015.01.17"]
[Round "4"]
[White "Wallgren, Ulf"]
[Black "Berovski, Krum"]
[Result "1/2-1/2"]
[WhiteElo "2121"]
[BlackElo "2329"]
[PlyCount "68"]

1. e4 e6 2. d4 d5 3. Nc3 Bb4 4. Nge2 dxe4 5. a3 Be7 6. Nxe4 Nf6 7. Qd3 Nbd7 8.
Bf4 O-O 9. O-O-O Nd5 10. Bd2 b6 11. h4 Bb7 12. Ng5 N5f6 13. Ng3 c5 14. N5e4
cxd4 15. Qxd4 Nxe4 16. Nxe4 Nf6 17. Nxf6+ Bxf6 18. Qg4 Qd4 19. Qxd4 Bxd4 20. f3
Rfd8 21. Bd3 h5 22. Rde1 Rac8 23. Re2 Bf6 24. Kb1 Rc5 25. Be1 Bd5 26. Bf2 Rc7
27. Bg3 Rcc8 28. Rd1 Bc4 29. Red2 Bxd3 30. Rxd3 Rxd3 31. Rxd3 Rc4 32. Rd7 Rd4
33. Rxd4 Bxd4 34. c3 Be3 1/2-1/2

[Event "Elit(Limhamn-Orgryte)"]
[Site "?"]
[Date "2015.01.17"]
[Round "4"]
[White "Frisk Kockum, Anton"]
[Black "Jepson, Christian"]
[Result "1/2-1/2"]
[WhiteElo "2375"]
[BlackElo "2420"]
[PlyCount "50"]
[SourceDate "2015.01.25"]

1. e4 e5 2. Nf3 Nc6 3. Bb5 a6 4. Ba4 Nf6 5. d4 exd4 6. O-O Be7 7. Re1 b5 8. Bb3
d6 9. Bd5 Nxd5 10. exd5 Ne5 11. Nxd4 O-O 12. Nc3 Re8 13. a4 b4 14. Ne4 Bb7 15.
Nf5 Qd7 16. Nxe7+ Qxe7 17. Be3 f6 18. Qd4 Qf7 19. Rad1 c5 20. dxc6 Nxc6 21.
Nxd6 Nxd4 22. Nxf7 Nxc2 23. Nd6 Nxe1 24. Nxe8 Nxg2 25. Nxg7 Nxe3 1/2-1/2